Devinez le Pays Mystère #42 - Statistiques

Statistiques générales
  • Ce quiz a été pris 309 fois
  • Le résultat moyen est 21 sur 23
Statistiques - réponses
Type de Réponse Réponse % Correct
Lettre Trouvée Ï
100%
Lettre Trouvée N
96%
Lettre Trouvée E
95%
Lettre Bien Placée A
93%
Lettre Trouvée A
93%
Lettre Trouvée A
93%
Lettre Trouvée B
93%
Lettre Bien Placée Ï
93%
Lettre Bien Placée N
93%
Lettre Bien Placée E
91%
Lettre Trouvée R
91%
Lettre Bien Placée A
90%
Lettre Trouvée A
90%
Lettre Trouvée D
89%
Lettre Trouvée J
89%
Lettre Trouvée Z
88%
Lettre Bien Placée A
87%
Pays Mystère Azerbaïdjan
87%
Lettre Bien Placée B
87%
Lettre Bien Placée D
87%
Lettre Bien Placée J
87%
Lettre Bien Placée R
87%
Lettre Bien Placée Z
87%
Aucun quiz correspondant
Distribution des résultats
% des personnes avec chaque résultat
Percentile par nombre de réponses
Votre historique - résultats
Vous n’avez pas pris ce quiz